<?xml version="1.0" encoding="UTF-8"?>
<marc:record xmlns:marc="http://www.loc.gov/MARC21/slim">
   <marc:leader>00000nam a2200000 a 4500</marc:leader>
   <marc:datafield ind1="1" ind2=" " tag="100">
      <marc:subfield code="a">Mennen, Patricia</marc:subfield>
      <marc:subfield code="4">aut</marc:subfield>
      <marc:subfield code="e">Verfasser/-in</marc:subfield>
   </marc:datafield>
   <marc:datafield ind1="0" ind2="0" tag="245">
      <marc:subfield code="a">Mutig, stark und selbstbewusst</marc:subfield>
   </marc:datafield>
   <marc:datafield ind1=" " ind2="1" tag="264">
      <marc:subfield code="b">Ravensburger Verlag GmbH</marc:subfield>
      <marc:subfield code="c">2023</marc:subfield>
   </marc:datafield>
   <marc:datafield ind1="1" ind2=" " tag="490">
      <marc:subfield code="a">Wieso? Weshalb? Warum?</marc:subfield>
   </marc:datafield>
   <marc:datafield ind1="1" ind2=" " tag="520">
      <marc:subfield code="a">Wann sind wir mutig? Worauf bist du stolz? Wie fühlen sich Gemeinschaft und Ausgrenzung an?
Dieses Buch nimmt Kinder an die Hand beim Erkunden von Situationen und Gefühlen rund ums Selbstbewusstsein. Klappen machen das Thema hautnah erlebbar: Ein Kind traut sich das erste Mal alleine einzukaufen, ein anderes muntert eine traurige Freundin auf. Wir erklären, wozu Angst da ist und zeigen, wie man Mut und Stärke trainieren kann. Ein Buch für ALLE Kinder - die forschen und die zurückhaltenden! (morawa.at)</marc:subfield>
   </marc:datafield>
   <marc:datafield ind1=" " ind2=" " tag="020">
      <marc:subfield code="a">9783473600366</marc:subfield>
      <marc:subfield code="9">9783473600366</marc:subfield>
   </marc:datafield>
</marc:record>
